Cultura musical : cuarto curso

Gespeichert in:
Bibliographische Detailangaben
Körperschaft: Falange Española Tradicionalista y de las JONS. Sección Femenina .
Format: Buch
Sprache:Spanisch
Erschienen: Madrid : Almena, D.L.1971
Katalog:MANES:  Suchergebnis im Bibliothekskatalog
Schulbuchspezifische Eigenschaften:
Tags: Tag hinzufügen
Keine Tags, Fügen Sie den ersten Tag hinzu!
Hinzugefügt zu:29.11.1999
Geändert in:07.05.2025

MARC

LEADER 00000cam a2200000#i 4500
005 20250507134452.0
008 000000s1971 espa 000 0 spa d
040 |a uned  |b spa  |c entro-manes 
245 0 0 |a Cultura musical :   |b cuarto curso /   |c [Delegación Nacional de la Sección Femenina del Movimiento] 
260 |a Madrid :   |b Almena,   |c D.L.1971 
300 |a 89 p. :   |b il 
546 |a España 
561 |5 es-BUNED  |3 L.T.M. 0239  |a España. Fondo Manes UNED  |k MANES 
690 0 |a EA 
691 0 |a SE 
710 2 |a Falange Española Tradicionalista y de las JONS.  |b Sección Femenina .  |9 36316 
942 |2 ddc  |c BK 
999 |c 95166  |d 95166 
999 |c manes:95166  |d 95166